Antartica (Record no. 11801)

MARC details
000 -LEADER
fixed length control field 00234nam a22000977a 4500
008 - FIXED-LENGTH DATA ELEMENTS--GENERAL INFORMATION
fixed length control field 200218b ||||| |||| 00| 0 eng d
020 ## - INTERNATIONAL STANDARD BOOK NUMBER
International Standard Book Number 0590446924
100 ## - MAIN ENTRY--PERSONAL NAME
Personal name COWCHER HELEN
9 (RLIN) 7482
245 ## - TITLE STATEMENT
Title Antartica
260 ## - PUBLICATION, DISTRIBUTION, ETC. (IMPRINT)
Place of publication, distribution, etc. New York
Name of publisher, distributor, etc. Scholastic
Holdings
Withdrawn status Lost status Source of classification or shelving scheme Damaged status Koha normalized classification for sorting Not for loan Home library Current library Shelving location Date acquired Total Checkouts Full call number Barcode Date last seen Price effective from Koha item type
    Dewey Decimal Classification   823_000000000000000_JUNLIB   Good Samaritan School Library Good Samaritan School Library FICTION 02/18/2020   823 JUNLIB COW15819 02/18/2020 02/18/2020 BOOK

Powered by Koha